| 000 | 01230cam a2200337 a 4500 | ||
|---|---|---|---|
| 001 | 14641877 | ||
| 003 | EG-ScBUE | ||
| 005 | 20220525113306.0 | ||
| 008 | 061121t2008 nyu f f000 0 eng d | ||
| 020 | _a9780194761130 | ||
| 040 |
_aDLC _beng _erda _cDLC _dIG# _dBTCTA _dBAKER _dYDXCP _dVP@ _dDLC _dEG-ScBUE |
||
| 082 | 0 | 4 |
_a428.24 _222 _bPAS |
| 100 | 1 |
_aPasternak, Mindy, _eauthor. _935994 |
|
| 245 | 1 | 0 |
_aWell read 4 : _bskills and strategies for reading : instructor's pack / _cMindy Pasternak, Elisaveta Wrengell. |
| 264 | 1 |
_aNew York, NY ; _aOxford, UK : _bOxford University Press, _c[2008] |
|
| 264 | 4 | _cc2008 | |
| 300 |
_aviii, 20 pages ; _c28 cm + _e2 CD |
||
| 336 |
_2rdacontent _atext _btxt |
||
| 336 |
_2rdacontent _asounds _bsnd |
||
| 337 |
_2rdamedia _aunmediated _bn |
||
| 337 |
_2rdamedia _aaudio _bs |
||
| 338 |
_2rdacarrier _avolume _bnc |
||
| 338 |
_2rdacarrier _acomputer disc _bcd |
||
| 650 | 7 |
_aEnglish language _vTextbooks for foreign speakers. _943 _2BUEsh |
|
| 650 | 7 |
_aReading Comprehension _vProblems, exercises, etc. _92827 _2BUEsh |
|
| 651 | _2BUEsh | ||
| 653 |
_cJune2014 _cSeptember2014 |
||
| 655 |
_vReading book _934232 |
||
| 700 | 1 |
_aWrengell, Elisaveta, _eauthor. _935995 |
|
| 942 |
_2ddc _k428.24 PAS TR _cBB |
||
| 999 |
_c18298 _d18270 |
||